[Event "ODJM B 2024"]
[Site "Willingen GER"]
[Date "2024.05.24"]
[Round "8"]
[White "Jung, Marcel"]
[Black "Li, Joshua"]
[Result "0-1"]
[Termination "normal"]
[Board "44"]
[WhiteElo "1709"]
[BlackElo "1601"]
[WhiteClock "01:10:36"]
[BlackClock "01:04:03"]
[PlyCount "54"]
[WhiteFideId "34673881"]
[BlackFideId "34623639"]
[EventCountry "GER"]
[EventRounds "9"]
[EventType "swiss"]
[EventDate "2024.05.18"]

1. e4 {[%clk 01:30:59]} c5 {[%clk 01:30:58]} {[%emt 00:00:03]} 2. Nf3 {[%clk
01:31:10]} {[%emt 00:00:19]} e6 {[%clk 01:31:22]} {[%emt 00:00:06]} 3. d3
{[%clk 01:31:31]} {[%emt 00:00:08]} d5 {[%clk 01:31:36]} {[%emt 00:00:17]} 4.
Nbd2 {[%clk 01:31:54]} {[%emt 00:00:07]} Nc6 {[%clk 01:31:57]} {[%emt
00:00:09]} 5. g3 {[%clk 01:32:05]} {[%emt 00:00:19]} Bd6 {[%clk 01:31:44]}
{[%emt 00:00:44]} 6. Bg2 {[%clk 01:32:23]} {[%emt 00:00:11]} Nge7 {[%clk
01:31:17]} {[%emt 00:00:57]} 7. O-O {[%clk 01:32:42]} {[%emt 00:00:11]} O-O
{[%clk 01:30:55]} {[%emt 00:00:52]} 8. Re1 {[%clk 01:33:05]} {[%emt 00:00:06]}
Bc7 {[%clk 01:30:05]} {[%emt 00:01:21]} 9. e5 {[%clk 01:31:14]} {[%emt
00:02:21]} Ng6 {[%clk 01:28:43]} {[%emt 00:01:52]} 10. Nb3 {[%clk 01:28:19]}
{[%emt 00:03:25]} b6 {[%clk 01:25:36]} {[%emt 00:03:37]} 11. Bg5 {[%clk
01:28:15]} {[%emt 00:00:33]} Qd7 {[%clk 01:24:54]} {[%emt 00:01:13]} 12. Qd2
{[%clk 01:12:34]} {[%emt 00:16:12]} Ngxe5 {[%clk 01:23:40]} {[%emt 00:01:44]}
13. Nxe5 {[%clk 01:12:28]} {[%emt 00:00:35]} Bxe5 {[%clk 01:23:00]} {[%emt
00:01:09]} 14. c4 {[%clk 01:11:46]} {[%emt 00:01:13]} Bb7 {[%clk 01:20:59]}
{[%emt 00:02:32]} 15. h4 {[%clk 01:09:05]} {[%emt 00:03:11]} dxc4 {[%clk
01:18:42]} {[%emt 00:02:47]} 16. dxc4 {[%clk 01:09:30]} {[%emt 00:00:05]} Qxd2
{[%clk 01:18:53]} {[%emt 00:00:19]} 17. Nxd2 {[%clk 01:09:55]} {[%emt
00:00:04]} Bxb2 {[%clk 01:18:29]} {[%emt 00:00:55]} 18. Rab1 {[%clk 01:10:09]}
{[%emt 00:00:16]} Bd4 {[%clk 01:18:39]} {[%emt 00:00:19]} 19. Nb3 {[%clk
01:10:26]} {[%emt 00:00:13]} h6 {[%clk 01:15:16]} {[%emt 00:03:53]} 20. Nxd4
{[%clk 01:10:45]} {[%emt 00:00:11]} cxd4 {[%clk 01:13:22]} {[%emt 00:02:24]}
21. Bd2 {[%clk 01:11:07]} {[%emt 00:00:09]} Nd8 {[%clk 01:11:39]} {[%emt
00:02:13]} 22. Bb4 {[%clk 01:10:53]} {[%emt 00:00:43]} Re8 {[%clk 01:11:27]}
{[%emt 00:00:43]} 23. Rbd1 {[%clk 01:10:57]} {[%emt 00:00:26]} Bxg2 {[%clk
01:11:18]} {[%emt 00:00:39]} 24. Kxg2 {[%clk 01:11:21]} {[%emt 00:00:06]} Rc8
{[%clk 01:10:54]} {[%emt 00:00:54]} 25. Rc1 {[%clk 01:10:32]} {[%emt 00:01:19]}
e5 {[%clk 01:04:28]} {[%emt 00:06:56]} 26. Bd6 {[%clk 01:10:12]} {[%emt
00:00:50]} f6 {[%clk 01:04:38]} {[%emt 00:00:20]} 27. f4 {[%clk 01:10:36]}
{[%emt 00:00:06]} e4 {[%clk 01:04:03]} {[%emt 00:01:05]} 0-1

[Event "ODJM B 2024"]
[Site "Willingen GER"]
[Date "2024.05.24"]
[Round "8"]
[White "Lohrmann, Linus"]
[Black "Tulchynsky, Mark"]
[Result "1/2-1/2"]
[Termination "normal"]
[Board "45"]
[WhiteElo "1621"]
[BlackElo "1828"]
[WhiteClock "00:07:43"]
[BlackClock "00:27:20"]
[PlyCount "93"]
[WhiteFideId "12982857"]
[BlackFideId "34617698"]
[EventCountry "GER"]
[EventRounds "9"]
[EventType "swiss"]
[EventDate "2024.05.18"]

1. e4 {[%clk 01:30:58]} {[%emt 00:00:01]} c6 {[%clk 01:30:57]} {[%emt
00:00:03]} 2. Nf3 {[%clk 01:31:18]} {[%emt 00:00:10]} d5 {[%clk 01:31:22]}
{[%emt 00:00:06]} 3. exd5 {[%clk 01:31:42]} {[%emt 00:00:06]} cxd5 {[%clk
01:31:48]} {[%emt 00:00:03]} 4. Ne5 {[%clk 01:32:06]} {[%emt 00:00:06]} Nc6
{[%clk 01:21:34]} {[%emt 00:10:45]} 5. Bb5 {[%clk 01:31:19]} {[%emt 00:01:17]}
Qc7 {[%clk 01:19:00]} {[%emt 00:03:04]} 6. d4 {[%clk 01:30:02]} {[%emt
00:01:46]} a6 {[%clk 01:16:11]} {[%emt 00:03:19]} 7. Ba4 {[%clk 01:30:06]}
{[%emt 00:00:26]} b5 {[%clk 01:14:13]} {[%emt 00:02:28]} 8. Bb3 {[%clk
01:30:24]} {[%emt 00:00:11]} Nxe5 {[%clk 01:06:27]} {[%emt 00:08:18]} 9. Bxd5
{[%clk 01:30:34]} {[%emt 00:00:20]} Bb7 {[%clk 01:06:44]} {[%emt 00:00:12]} 10.
Bxb7 {[%clk 01:19:07]} {[%emt 00:11:57]} Qxb7 {[%clk 01:07:13]} {[%emt
00:00:02]} 11. dxe5 {[%clk 01:11:34]} {[%emt 00:08:02]} Qxg2 {[%clk 01:07:33]}
{[%emt 00:00:10]} 12. Rf1 {[%clk 01:11:54]} {[%emt 00:00:10]} e6 {[%clk
01:00:50]} {[%emt 00:07:13]} 13. Qe2 {[%clk 01:09:07]} {[%emt 00:03:17]} Bb4+
{[%clk 00:48:06]} {[%emt 00:13:14]} 14. Bd2 {[%clk 01:05:56]} {[%emt 00:03:41]}
Bxd2+ {[%clk 00:47:15]} {[%emt 00:01:20]} 15. Nxd2 {[%clk 01:06:21]} {[%emt
00:00:05]} Qxh2 {[%clk 00:38:20]} {[%emt 00:09:26]} 16. Qe4 {[%clk 01:02:53]}
{[%emt 00:03:58]} Rc8 {[%clk 00:38:10]} {[%emt 00:00:39]} 17. Rh1 {[%clk
01:01:32]} {[%emt 00:01:51]} f5 {[%clk 00:38:10]} {[%emt 00:00:31]} 18. exf6
{[%clk 00:59:24]} {[%emt 00:02:38]} Qc7 {[%clk 00:36:32]} {[%emt 00:02:08]} 19.
fxg7 {[%clk 00:56:48]} {[%emt 00:03:06]} Qxg7 {[%clk 00:36:59]} {[%emt
00:00:03]} 20. Qxe6+ {[%clk 00:56:40]} {[%emt 00:00:38]} Ne7 {[%clk 00:37:21]}
{[%emt 00:00:09]} 21. O-O-O {[%clk 00:56:49]} {[%emt 00:00:20]} Rc6 {[%clk
00:37:29]} {[%emt 00:00:22]} 22. Qe4 {[%clk 00:54:49]} {[%emt 00:02:29]} h5
{[%clk 00:35:08]} {[%emt 00:02:52]} 23. Rhg1 {[%clk 00:48:02]} {[%emt
00:07:17]} Qf6 {[%clk 00:35:00]} {[%emt 00:00:35]} 24. Rde1 {[%clk 00:34:47]}
{[%emt 00:13:47]} Kd8 {[%clk 00:33:12]} {[%emt 00:02:19]} 25. Qe5 {[%clk
00:20:03]} {[%emt 00:15:14]} Qxe5 {[%clk 00:31:08]} {[%emt 00:02:34]} 26. Rxe5
{[%clk 00:20:27]} {[%emt 00:00:05]} h4 {[%clk 00:31:20]} {[%emt 00:00:18]} 27.
Rh1 {[%clk 00:19:38]} {[%emt 00:01:19]} h3 {[%clk 00:31:25]} {[%emt 00:00:25]}
28. Re3 {[%clk 00:18:37]} {[%emt 00:01:31]} h2 {[%clk 00:30:57]} {[%emt
00:00:59]} 29. Rg3 {[%clk 00:18:14]} {[%emt 00:00:52]} Re6 {[%clk 00:29:33]}
{[%emt 00:01:55]} 30. Kd1 {[%clk 00:18:30]} {[%emt 00:00:14]} Nf5 {[%clk
00:29:18]} {[%emt 00:00:44]} 31. Rg2 {[%clk 00:18:29]} {[%emt 00:00:32]} Reh6
{[%clk 00:29:39]} {[%emt 00:00:09]} 32. Nf3 {[%clk 00:18:13]} {[%emt 00:00:46]}
Rd6+ {[%clk 00:29:17]} {[%emt 00:00:51]} 33. Kc1 {[%clk 00:18:16]} {[%emt
00:00:28]} Nd4 {[%clk 00:26:45]} {[%emt 00:03:02]} 34. Nxd4 {[%clk 00:18:17]}
{[%emt 00:00:29]} Rxd4 {[%clk 00:27:14]} 35. Rgxh2 {[%clk 00:18:37]} {[%emt
00:00:09]} Rxh2 {[%clk 00:26:58]} {[%emt 00:00:47]} 36. Rxh2 {[%clk 00:19:03]}
{[%emt 00:00:04]} Rd6 {[%clk 00:27:01]} {[%emt 00:00:27]} 37. f4 {[%clk
00:19:08]} {[%emt 00:00:24]} Ke7 {[%clk 00:27:24]} {[%emt 00:00:07]} 38. Rh7+
{[%clk 00:18:55]} {[%emt 00:00:43]} Kf8 {[%clk 00:27:46]} {[%emt 00:00:08]} 39.
Ra7 {[%clk 00:19:01]} {[%emt 00:00:24]} Ke8 {[%clk 00:27:53]} {[%emt 00:00:23]}
40. f5 {[%clk 00:17:39]} {[%emt 00:01:52]} Kd8 {[%clk 00:28:09]} {[%emt
00:00:14]} 41. c3 {[%clk 00:12:55]} {[%emt 00:05:15]} Rf6 {[%clk 00:27:23]}
{[%emt 00:01:16]} 42. Rh7 {[%clk 00:10:05]} {[%emt 00:03:20]} Rxf5 {[%clk
00:27:21]} {[%emt 00:00:33]} 43. Rh6 {[%clk 00:10:30]} {[%emt 00:00:04]} a5
{[%clk 00:27:46]} {[%emt 00:00:05]} 44. Ra6 {[%clk 00:10:32]} {[%emt 00:00:28]}
a4 {[%clk 00:27:40]} {[%emt 00:00:36]} 45. Ra5 {[%clk 00:09:15]} {[%emt
00:01:48]} Rf1+ {[%clk 00:27:25]} {[%emt 00:00:44]} 46. Kd2 {[%clk 00:07:19]}
{[%emt 00:02:25]} Rf2+ {[%clk 00:27:20]} {[%emt 00:00:36]} 47. Kc1 {[%clk
00:07:43]} {[%emt 00:00:05]} 1/2-1/2

[Event "ODJM B 2024"]
[Site "Willingen GER"]
[Date "2024.05.24"]
[Round "8"]
[White "Menne, Lukas"]
[Black "Duchstein, Anna"]
[Result "0-1"]
[Termination "normal"]
[Board "46"]
[WhiteElo "1636"]
[BlackElo "1715"]
[WhiteClock "01:23:47"]
[BlackClock "01:18:26"]
[PlyCount "28"]
[WhiteFideId "16288467"]
[BlackFideId "16261372"]
[EventCountry "GER"]
[EventRounds "9"]
[EventType "swiss"]
[EventDate "2024.05.18"]

1. d4 {[%clk 01:30:58]} d5 {[%clk 01:30:33]} {[%emt 00:00:28]} 2. Nf3 {[%clk
01:31:21]} {[%emt 00:00:07]} Nf6 {[%clk 01:30:37]} {[%emt 00:00:26]} 3. Bf4
{[%clk 01:31:41]} {[%emt 00:00:10]} e6 {[%clk 01:30:11]} {[%emt 00:00:56]} 4.
e3 {[%clk 01:32:03]} {[%emt 00:00:08]} c5 {[%clk 01:29:54]} {[%emt 00:00:46]}
5. c3 {[%clk 01:32:05]} {[%emt 00:00:28]} Be7 {[%clk 01:29:24]} {[%emt
00:01:01]} 6. Bd3 {[%clk 01:32:25]} {[%emt 00:00:09]} O-O {[%clk 01:29:05]}
{[%emt 00:00:49]} 7. Nbd2 {[%clk 01:32:46]} {[%emt 00:00:09]} Nc6 {[%clk
01:28:15]} {[%emt 00:01:20]} 8. O-O {[%clk 01:29:25]} {[%emt 00:03:50]} h6
{[%clk 01:24:11]} {[%emt 00:04:34]} 9. e4 {[%clk 01:28:44]} {[%emt 00:01:11]}
dxe4 {[%clk 01:21:25]} {[%emt 00:03:16]} 10. Nxe4 {[%clk 01:28:12]} {[%emt
00:01:02]} cxd4 {[%clk 01:21:10]} {[%emt 00:00:45]} 11. Nxf6+ {[%clk 01:27:52]}
{[%emt 00:00:50]} Bxf6 {[%clk 01:21:24]} {[%emt 00:00:16]} 12. cxd4 {[%clk
01:24:57]} {[%emt 00:03:26]} Nxd4 {[%clk 01:19:35]} {[%emt 00:02:18]} 13. Nxd4
{[%clk 01:25:09]} {[%emt 00:00:18]} Qxd4 {[%clk 01:18:26]} {[%emt 00:01:39]}
14. Rb1 {[%clk 01:23:47]} {[%emt 00:01:52]} Qxf4 {[%clk 01:18:26]} {[%emt
00:00:30]} 0-1

[Event "ODJM B 2024"]
[Site "Willingen GER"]
[Date "2024.05.24"]
[Round "8"]
[White "Türel, Tugce"]
[Black "Göb, Franziska"]
[Result "1-0"]
[Termination "normal"]
[Board "47"]
[WhiteElo "1582"]
[BlackElo "1602"]
[WhiteClock "00:25:28"]
[BlackClock "00:23:14"]
[PlyCount "91"]
[WhiteFideId "26350602"]
[BlackFideId "16293177"]
[EventCountry "GER"]
[EventRounds "9"]
[EventType "swiss"]
[EventDate "2024.05.18"]

1. e4 {[%clk 01:30:57]} {[%emt 00:00:02]} e5 {[%clk 01:30:57]} {[%emt
00:00:04]} 2. Nf3 {[%clk 01:31:22]} {[%emt 00:00:05]} Nc6 {[%clk 01:31:24]}
{[%emt 00:00:03]} 3. Bc4 {[%clk 01:31:45]} {[%emt 00:00:07]} Bc5 {[%clk
01:31:50]} {[%emt 00:00:04]} 4. c3 {[%clk 01:31:53]} {[%emt 00:00:23]} Nf6
{[%clk 01:32:15]} {[%emt 00:00:05]} 5. d3 {[%clk 01:32:08]} {[%emt 00:00:15]}
d6 {[%clk 01:32:37]} {[%emt 00:00:07]} 6. Bb3 {[%clk 01:29:04]} {[%emt
00:03:34]} h6 {[%clk 01:32:18]} {[%emt 00:00:49]} 7. Nbd2 {[%clk 01:28:02]}
{[%emt 00:01:32]} a6 {[%clk 01:29:06]} {[%emt 00:03:42]} 8. Nf1 {[%clk
01:27:24]} {[%emt 00:01:09]} O-O {[%clk 01:20:18]} {[%emt 00:09:17]} 9. Ng3
{[%clk 01:27:32]} {[%emt 00:00:22]} Ne7 {[%clk 01:18:52]} {[%emt 00:01:56]} 10.
O-O {[%clk 01:26:41]} {[%emt 00:01:21]} Ng6 {[%clk 01:15:34]} {[%emt 00:03:48]}
11. Be3 {[%clk 01:23:47]} {[%emt 00:03:25]} Ba7 {[%clk 01:13:28]} {[%emt
00:02:35]} 12. d4 {[%clk 01:23:11]} {[%emt 00:01:06]} Ng4 {[%clk 01:09:28]}
{[%emt 00:04:30]} 13. h3 {[%clk 01:17:59]} {[%emt 00:05:43]} Nxe3 {[%clk
01:05:33]} {[%emt 00:04:24]} 14. fxe3 {[%clk 01:18:21]} {[%emt 00:00:09]} Bd7
{[%clk 01:00:35]} {[%emt 00:05:28]} 15. Nf5 {[%clk 01:15:06]} {[%emt 00:03:45]}
Re8 {[%clk 00:53:13]} {[%emt 00:07:51]} 16. Nd2 {[%clk 01:11:59]} {[%emt
00:03:37]} Qg5 {[%clk 00:40:25]} {[%emt 00:13:18]} 17. h4 {[%clk 00:55:19]}
{[%emt 00:17:10]} Nxh4 {[%clk 00:31:09]} {[%emt 00:09:46]} 18. Nxh4 {[%clk
00:55:06]} {[%emt 00:00:42]} Qxh4 {[%clk 00:31:11]} {[%emt 00:00:29]} 19. Bxf7+
{[%clk 00:54:50]} {[%emt 00:00:46]} Kh7 {[%clk 00:30:48]} {[%emt 00:00:52]} 20.
Bxe8 {[%clk 00:54:21]} {[%emt 00:01:00]} Rxe8 {[%clk 00:31:07]} {[%emt
00:00:11]} 21. Rf7 {[%clk 00:45:24]} {[%emt 00:09:27]} Bg4 {[%clk 00:23:49]}
{[%emt 00:07:48]} 22. Qe1 {[%clk 00:44:55]} {[%emt 00:00:59]} Qg5 {[%clk
00:21:41]} {[%emt 00:02:38]} 23. Rxc7 {[%clk 00:34:36]} {[%emt 00:10:49]} Bh3
{[%clk 00:19:40]} {[%emt 00:02:30]} 24. Qf2 {[%clk 00:34:14]} {[%emt 00:00:47]}
Rf8 {[%clk 00:13:43]} {[%emt 00:06:32]} 25. Nf3 {[%clk 00:33:13]} {[%emt
00:01:31]} Qg6 {[%clk 00:11:39]} {[%emt 00:02:34]} 26. Rxb7 {[%clk 00:31:19]}
{[%emt 00:02:25]} Bb8 {[%clk 00:11:14]} {[%emt 00:00:55]} 27. Kh2 {[%clk
00:29:33]} {[%emt 00:02:15]} Bg4 {[%clk 00:09:18]} {[%emt 00:02:26]} 28. Qg3
{[%clk 00:25:29]} {[%emt 00:04:35]} Qxe4 {[%clk 00:08:10]} {[%emt 00:01:38]}
29. Re7 {[%clk 00:23:00]} {[%emt 00:02:52]} Qf5 {[%clk 00:07:23]} {[%emt
00:01:22]} 30. Rf1 {[%clk 00:13:37]} {[%emt 00:09:55]} Qh5+ {[%clk 00:06:20]}
{[%emt 00:01:33]} 31. Kg1 {[%clk 00:12:46]} {[%emt 00:01:22]} e4 {[%clk
00:05:52]} {[%emt 00:00:58]} 32. Ng5+ {[%clk 00:12:00]} {[%emt 00:01:16]} Qxg5
{[%clk 00:05:37]} {[%emt 00:00:45]} 33. Rxf8 {[%clk 00:12:07]} {[%emt
00:00:22]} Qxe7 {[%clk 00:05:30]} {[%emt 00:00:37]} 34. Rxb8 {[%clk 00:12:22]}
{[%emt 00:00:16]} h5 {[%clk 00:05:33]} {[%emt 00:00:27]} 35. Rb6 {[%clk
00:12:06]} {[%emt 00:00:45]} d5 {[%clk 00:05:15]} {[%emt 00:00:48]} 36. Rxa6
{[%clk 00:11:03]} {[%emt 00:01:34]} Qb7 {[%clk 00:04:42]} {[%emt 00:01:03]} 37.
Qd6 {[%clk 00:11:19]} {[%emt 00:00:13]} Bf5 {[%clk 00:03:35]} {[%emt 00:01:36]}
38. Rb6 {[%clk 00:06:06]} {[%emt 00:05:45]} Qf7 {[%clk 00:03:30]} {[%emt
00:00:34]} 39. a4 {[%clk 00:05:21]} {[%emt 00:01:17]} Bg4 {[%clk 00:03:26]}
{[%emt 00:00:33]} 40. a5 {[%clk 00:04:54]} {[%emt 00:00:58]} Be2 {[%clk
00:03:19]} {[%emt 00:00:35]} 41. Qf4 {[%clk 00:00:42]} {[%emt 00:04:40]} Qd7
{[%clk 00:01:39]} {[%emt 00:02:10]} 42. a6 {[%clk 00:26:02]} {[%emt 00:05:13]}
Qa7 {[%clk 00:24:40]} {[%emt 00:07:29]} 43. Qf5+ {[%clk 00:24:51]} {[%emt
00:01:40]} Kg8 {[%clk 00:23:47]} {[%emt 00:01:24]} 44. Rb7 {[%clk 00:24:39]}
{[%emt 00:00:42]} Qa8 {[%clk 00:22:53]} {[%emt 00:01:25]} 45. Qf7+ {[%clk
00:25:01]} {[%emt 00:00:08]} Kh8 {[%clk 00:23:14]} {[%emt 00:00:09]} 46. Qxg7#
{[%clk 00:25:28]} {[%emt 00:00:03]} 1-0

[Event "ODJM B 2024"]
[Site "Willingen GER"]
[Date "2024.05.24"]
[Round "8"]
[White "Wellßow, Lio Keanu"]
[Black "Fettig, Konrad"]
[Result "0-1"]
[Termination "normal"]
[Board "48"]
[WhiteElo "1486"]
[BlackElo "1744"]
[WhiteClock "01:01:16"]
[BlackClock "01:10:51"]
[PlyCount "46"]
[WhiteFideId "16252837"]
[BlackFideId "34622888"]
[EventCountry "GER"]
[EventRounds "9"]
[EventType "swiss"]
[EventDate "2024.05.18"]

1. d4 {[%clk 01:30:58]} {[%emt 00:00:02]} d5 {[%clk 01:30:54]} {[%emt
00:00:07]} 2. c4 {[%clk 01:31:24]} {[%emt 00:00:04]} e6 {[%clk 01:31:20]}
{[%emt 00:00:04]} 3. Nc3 {[%clk 01:31:43]} {[%emt 00:00:10]} Nf6 {[%clk
01:31:40]} {[%emt 00:00:10]} 4. Nf3 {[%clk 01:31:44]} {[%emt 00:00:29]} c5
{[%clk 01:31:45]} {[%emt 00:00:26]} 5. dxc5 {[%clk 01:29:36]} {[%emt 00:02:38]}
Bxc5 {[%clk 01:31:25]} {[%emt 00:00:49]} 6. Bg5 {[%clk 01:29:51]} {[%emt
00:00:15]} d4 {[%clk 01:22:28]} {[%emt 00:09:28]} 7. Bxf6 {[%clk 01:21:35]}
{[%emt 00:08:45]} Qxf6 {[%clk 01:22:47]} {[%emt 00:00:12]} 8. Ne4 {[%clk
01:21:30]} {[%emt 00:00:34]} Bb4+ {[%clk 01:20:21]} {[%emt 00:02:56]} 9. Ned2
{[%clk 01:19:47]} {[%emt 00:02:14]} O-O {[%clk 01:19:30]} {[%emt 00:01:21]} 10.
a3 {[%clk 01:19:19]} {[%emt 00:00:57]} Bxd2+ {[%clk 01:19:12]} {[%emt
00:00:48]} 11. Qxd2 {[%clk 01:19:30]} {[%emt 00:00:19]} Nc6 {[%clk 01:17:50]}
{[%emt 00:01:52]} 12. g3 {[%clk 01:18:39]} {[%emt 00:01:21]} e5 {[%clk
01:18:00]} {[%emt 00:00:21]} 13. Rd1 {[%clk 01:14:10]} {[%emt 00:04:59]} Bg4
{[%clk 01:13:02]} {[%emt 00:05:27]} 14. Bg2 {[%clk 01:13:10]} {[%emt 00:01:28]}
e4 {[%clk 01:11:43]} {[%emt 00:01:51]} 15. Nxd4 {[%clk 01:08:38]} {[%emt
00:05:01]} Rad8 {[%clk 01:11:51]} {[%emt 00:00:23]} 16. Bxe4 {[%clk 01:04:35]}
{[%emt 00:04:32]} Rxd4 {[%clk 01:11:04]} {[%emt 00:01:18]} 17. Bd3 {[%clk
01:03:04]} {[%emt 00:02:00]} Rfd8 {[%clk 01:10:10]} {[%emt 00:01:24]} 18. O-O
{[%clk 01:02:30]} {[%emt 00:01:05]} Ne5 {[%clk 01:09:23]} {[%emt 00:01:17]} 19.
Qc2 {[%clk 01:01:45]} {[%emt 00:01:15]} Nxd3 {[%clk 01:09:39]} {[%emt
00:00:14]} 20. Rxd3 {[%clk 01:01:21]} {[%emt 00:00:53]} Rxd3 {[%clk 01:10:02]}
{[%emt 00:00:07]} 21. exd3 {[%clk 01:01:47]} {[%emt 00:00:04]} Bh3 {[%clk
01:10:09]} {[%emt 00:00:23]} 22. Qe2 {[%clk 01:00:51]} {[%emt 00:01:26]} Bxf1
{[%clk 01:10:27]} {[%emt 00:00:13]} 23. Kxf1 {[%clk 01:01:16]} {[%emt
00:00:04]} h6 {[%clk 01:10:51]} {[%emt 00:00:08]} 0-1

[Event "ODJM B 2024"]
[Site "Willingen GER"]
[Date "2024.05.24"]
[Round "8"]
[White "Rose, Simeon"]
[Black "Gendzelevsky, Stefan"]
[Result "1/2-1/2"]
[Termination "normal"]
[Board "49"]
[WhiteElo "1695"]
[BlackElo "1628"]
[WhiteClock "00:02:21"]
[BlackClock "01:16:59"]
[PlyCount "101"]
[WhiteFideId "34625062"]
[BlackFideId "34637672"]
[EventCountry "GER"]
[EventRounds "9"]
[EventType "swiss"]
[EventDate "2024.05.18"]

1. e4 {[%clk 01:30:59]} {[%emt 00:00:01]} e6 {[%clk 01:30:56]} {[%emt
00:00:04]} 2. d4 {[%clk 01:31:26]} {[%emt 00:00:03]} d5 {[%clk 01:31:21]}
{[%emt 00:00:04]} 3. Nc3 {[%clk 01:31:41]} {[%emt 00:00:16]} Bb4 {[%clk
01:31:44]} {[%emt 00:00:06]} 4. e5 {[%clk 01:31:25]} {[%emt 00:00:47]} c5
{[%clk 01:32:06]} {[%emt 00:00:08]} 5. a3 {[%clk 01:29:14]} {[%emt 00:02:42]}
Bxc3+ {[%clk 01:32:29]} {[%emt 00:00:06]} 6. bxc3 {[%clk 01:29:38]} {[%emt
00:00:06]} Nc6 {[%clk 01:32:50]} {[%emt 00:00:09]} 7. Qg4 {[%clk 01:21:26]}
{[%emt 00:08:42]} Qa5 {[%clk 01:30:39]} {[%emt 00:02:40]} 8. Bd2 {[%clk
01:20:20]} {[%emt 00:01:37]} g6 {[%clk 01:29:48]} {[%emt 00:01:21]} 9. Bd3
{[%clk 01:14:05]} {[%emt 00:06:45]} c4 {[%clk 01:29:55]} {[%emt 00:00:24]} 10.
Be2 {[%clk 01:13:09]} {[%emt 00:01:27]} Bd7 {[%clk 01:29:58]} {[%emt 00:00:26]}
11. h4 {[%clk 01:10:31]} {[%emt 00:03:08]} O-O-O {[%clk 01:29:48]} {[%emt
00:00:40]} 12. f4 {[%clk 01:06:56]} {[%emt 00:04:05]} f6 {[%clk 01:28:44]}
{[%emt 00:01:34]} 13. Nf3 {[%clk 01:05:25]} {[%emt 00:02:01]} Rf8 {[%clk
01:27:54]} {[%emt 00:01:19]} 14. a4 {[%clk 00:56:11]} {[%emt 00:09:45]} Nh6
{[%clk 01:27:57]} {[%emt 00:00:27]} 15. Qg3 {[%clk 00:55:22]} {[%emt 00:01:19]}
Nf5 {[%clk 01:28:00]} {[%emt 00:00:26]} 16. Qf2 {[%clk 00:55:29]} {[%emt
00:00:24]} h6 {[%clk 01:27:25]} {[%emt 00:01:05]} 17. g4 {[%clk 00:48:23]}
{[%emt 00:07:36]} Nfe7 {[%clk 01:26:35]} {[%emt 00:01:19]} 18. Qg2 {[%clk
00:46:54]} {[%emt 00:01:58]} f5 {[%clk 01:23:48]} {[%emt 00:03:17]} 19. g5
{[%clk 00:45:48]} {[%emt 00:01:36]} Nd8 {[%clk 01:21:58]} {[%emt 00:02:20]} 20.
Kf2 {[%clk 00:41:40]} {[%emt 00:04:38]} Nf7 {[%clk 01:21:35]} {[%emt 00:00:54]}
21. Kg3 {[%clk 00:32:41]} {[%emt 00:09:29]} Qd8 {[%clk 01:21:08]} {[%emt
00:00:57]} 22. Bc1 {[%clk 00:29:33]} {[%emt 00:03:38]} hxg5 {[%clk 01:21:07]}
{[%emt 00:00:30]} 23. hxg5 {[%clk 00:29:33]} {[%emt 00:00:30]} Rxh1 {[%clk
01:21:16]} {[%emt 00:00:21]} 24. Qxh1 {[%clk 00:30:01]} {[%emt 00:00:02]} Rh8
{[%clk 01:21:33]} {[%emt 00:00:14]} 25. Qe1 {[%clk 00:27:18]} {[%emt 00:03:10]}
Rh7 {[%clk 01:20:43]} {[%emt 00:01:23]} 26. Ba3 {[%clk 00:26:24]} {[%emt
00:01:24]} Nc6 {[%clk 01:20:36]} {[%emt 00:00:38]} 27. Bf1 {[%clk 00:19:48]}
{[%emt 00:07:06]} Rh1 {[%clk 01:17:08]} {[%emt 00:03:56]} 28. Nh4 {[%clk
00:14:28]} {[%emt 00:05:51]} Nxg5 {[%clk 01:14:20]} {[%emt 00:03:17]} 29. Kg2
{[%clk 00:14:03]} {[%emt 00:00:56]} Qh8 {[%clk 01:06:10]} {[%emt 00:08:38]} 30.
Kxh1 {[%clk 00:13:42]} {[%emt 00:00:52]} Nf3 {[%clk 01:06:26]} {[%emt
00:00:14]} 31. Qg3 {[%clk 00:13:32]} {[%emt 00:00:41]} Nxh4 {[%clk 01:06:21]}
{[%emt 00:00:35]} 32. Kg1 {[%clk 00:08:32]} {[%emt 00:05:31]} Nd8 {[%clk
01:05:02]} {[%emt 00:01:49]} 33. Kf2 {[%clk 00:08:17]} {[%emt 00:00:45]} Qh7
{[%clk 01:03:59]} {[%emt 00:01:31]} 34. Be2 {[%clk 00:07:48]} {[%emt 00:01:01]}
g5 {[%clk 01:03:02]} {[%emt 00:01:27]} 35. fxg5 {[%clk 00:06:59]} {[%emt
00:01:18]} Ng6 {[%clk 01:03:10]} {[%emt 00:00:22]} 36. Bf3 {[%clk 00:06:04]}
{[%emt 00:01:25]} f4 {[%clk 01:00:51]} {[%emt 00:02:49]} 37. Qg4 {[%clk
00:05:01]} {[%emt 00:01:33]} Nh4 {[%clk 00:57:56]} {[%emt 00:03:25]} 38. g6
{[%clk 00:01:47]} {[%emt 00:03:45]} Nxg6 {[%emt 00:01:32]} 39. Rh1 {[%clk
00:02:03]} Qf7 {[%clk 00:51:26]} {[%emt 00:06:12]} 40. Rh6 {[%clk 00:01:44]}
{[%emt 00:00:48]} Ne7 {[%clk 00:51:13]} {[%emt 00:00:43]} 41. Rf6 {[%clk
00:01:20]} {[%emt 00:00:55]} Qh7 {[%clk 00:51:21]} {[%emt 00:00:22]} 42. Qxf4
{[%clk 00:16:26]} {[%emt 00:15:24]} Qxc2+ {[%clk 01:20:59]} {[%emt 00:00:52]}
43. Be2 {[%clk 00:16:39]} {[%emt 00:00:17]} Nf5 {[%clk 01:21:02]} {[%emt
00:00:27]} 44. Rf8 {[%clk 00:10:45]} {[%emt 00:06:24]} Qxc3 {[%clk 01:19:31]}
{[%emt 00:01:59]} 45. Qg5 {[%clk 00:07:19]} {[%emt 00:03:57]} Qxd4+ {[%clk
01:18:34]} {[%emt 00:01:26]} 46. Kf1 {[%clk 00:06:01]} {[%emt 00:01:42]} Qb6
{[%clk 01:16:59]} {[%emt 00:02:12]} 47. Bc5 {[%clk 00:04:40]} {[%emt 00:01:52]}
Qc7 {[%clk 01:16:22]} {[%emt 00:01:06]} 48. Bd6 {[%clk 00:04:09]} {[%emt
00:01:02]} Qb6 {[%clk 01:16:28]} {[%emt 00:00:22]} 49. Bc5 {[%clk 00:04:15]}
{[%emt 00:00:26]} Qc7 {[%clk 01:16:42]} {[%emt 00:00:15]} 50. Bd6 {[%clk
00:02:50]} {[%emt 00:01:54]} Qb6 {[%clk 01:16:59]} {[%emt 00:00:12]} 51. Bc5
{[%clk 00:02:21]} {[%emt 00:01:00]} 1/2-1/2